日本の地帯構造区分 - Statistics

General Stats
  • This quiz has been taken 10 times
  • The average score is 9 of 28
Answer Stats
Answer % Correct
秩父帯
100%
領家帯
86%
三波川帯
71%
四万十帯
71%
飛騨帯
57%
秋吉帯
43%
丹波帯
43%
美濃帯
43%
阿武隈帯
43%
南部北上帯
43%
神居古潭帯
43%
日高帯
43%
舞鶴帯
29%
足尾帯
29%
北部北上帯
29%
根室帯
29%
飛騨外縁帯
14%
周防帯
14%
長崎帯
14%
黒瀬川帯
14%
空知ー蝦夷帯
14%
三郡-蓮華帯
0%
超丹波帯
0%
肥後帯
0%
上越帯
0%
根田茂帯
0%
常呂帯
0%
日高変成体
0%
No matching quizzes found
Score Distribution
Percent of People with Each Score
Percentile by Number Answered
Your Score History
You have not taken this quiz